000 00874nam a22003017a 4500
001 BR0903126
003 BR-BrBNA
005 20230928103011.0
007 ta
008 230509b bl.||||| |||| 00| 0 por d
040 _aBR-BrBNA
_bpor
_cBiblioteca Nacional de Agricultura
041 _a(Por)
072 _aE12; E50; E11
090 _ E12 BR0903126
110 1 _aInstituto Nacional de Colonização e Reforma Agrária, Brasília, DF (Brasil)
245 1 _aPlano do MDA/INCRA para erradicação do trabalho escravo
250 1 _a2. ed.
260 3 _aBrasília, DF (Brasil):
_c2005.
300 _a58 p.
650 _aTRABALHO
650 _aPROJETO DE DESENVOLVIMENTO
650 _aERRADICAÇÃO
650 _aCADASTRO RURAL
650 _aASSENTAMENTO
650 _aDESENVOLVIMENTO SÓCIO-ECONÔMICO
909 _a202309
_bLucia
_c55
_dLucia Elande
942 _cBK
999 _c73292
_d73292